| 000 | 00942cam a2200325 a 4500 | ||
|---|---|---|---|
| 001 | 119149 | ||
| 005 | 20230410105404.0 | ||
| 008 | 120315s2012 ne b 001 0 eng | ||
| 035 | _a17211206 | ||
| 010 | _a 2012008823 | ||
| 020 | _a9781608462759 | ||
| 040 |
_aDLC _cDLC _dDLC |
||
| 042 | _apcc | ||
| 050 | 1 | 4 |
_aHB 501 _bH883m 2012 |
| 082 | 0 | 0 | _a335.4/12 |
| 100 | 1 | _aHudis, Peter. | |
| 245 | 1 | 0 |
_aMarx's concept of the alternative to capitalism / _cby Peter Hudis. |
| 260 |
_aChicago, IL : _bHaymarket Books, _c2012. |
||
| 300 |
_avi, 241 p. ; _c25 cm. |
||
| 490 | 0 |
_aHistorical materialism book series, _x1570-1522 ; _vv. 36 |
|
| 504 | _aIncludes bibliographical references (p. [223]-229) and index. | ||
| 650 | 0 | _aCapitalism. | |
| 650 | 0 | _aMarxian economics. | |
| 650 | 4 | _aCapitalismo. | |
| 650 | 4 | _aEconomÃa marxista. | |
| 650 | 4 | _a20150300 | |
| 600 | 1 | 0 |
_aMarx, Karl, _d1818-1883. |
| 942 |
_2lcc _cbk |
||
| 946 | _aYSL | ||
| 999 |
_c35690 _d35690 |
||